000 00891nam a2200253Ia 4500
003 OSt
005 20260123152010.0
008 220923b |||||||| |||| 00| 0 eng d
020 _a0312225849
037 _cGeneral Book
040 _aRTL
_cRTL
_beng
041 _2eng
_aeng
084 _aY:675.1(X).N9, P0
_qRTL
245 0 _aSocial development and public policy: a study of somesucessful expriencess
260 _aGeneva
_bUNRISD
_c2000
300 _axiv, 379 p.
_bIncludes bibliographical references and index.
490 _aUnited Nations Research Institute for Social Development
500 _aBibliography chapterwise
650 _aSocial Planning
_91105623
650 _aSociology
_91105624
700 _aGhai Dharam
_eEditor
_91105625
942 _hY:675.1(X).N9, P0
_cGB
_2CC
_n0
999 _c549296
_d549296